Le désert et le labyrinthe (notice n° 1640462)

détails MARC
000 -LEADER
fixed length control field 01038cam a2200205 4500500
005 - DATE AND TIME OF LATEST TRANSACTION
control field 20260201085446.0
041 ## - LANGUAGE CODE
Language code of text/sound track or separate title fre
042 ## - AUTHENTICATION CODE
Authentication code dc
100 10 - MAIN ENTRY--PERSONAL NAME
Personal name Hortonéda, Jeanine
Relator term author
245 00 - TITLE STATEMENT
Title Le désert et le labyrinthe
260 ## - PUBLICATION, DISTRIBUTION, ETC.
Date of publication, distribution, etc. 2007.<br/>
500 ## - GENERAL NOTE
General note 88
520 ## - SUMMARY, ETC.
Summary, etc. RésuméQuelques pistes pour tenter d’éclairer l’énigme du titre proposé : Être enfermé dehors, et pour en explorer les voies paradoxales, à partir de la mise en relation de l’insistance de la pensée du dehors chez Foucault et de sa transformation en pensée nomade chez Deleuze. La notion d’auto-immunisation mise en avant par Derrida nous a semblé ouvrir sur la profondeur de cette distribution géopolitique de l’espace.
690 ## - LOCAL SUBJECT ADDED ENTRY--TOPICAL TERM (OCLC, RLIN)
Topical term or geographic name as entry element immunisation et auto-immunisation
690 ## - LOCAL SUBJECT ADDED ENTRY--TOPICAL TERM (OCLC, RLIN)
Topical term or geographic name as entry element pensée du dehors
690 ## - LOCAL SUBJECT ADDED ENTRY--TOPICAL TERM (OCLC, RLIN)
Topical term or geographic name as entry element pensée nomade
690 ## - LOCAL SUBJECT ADDED ENTRY--TOPICAL TERM (OCLC, RLIN)
Topical term or geographic name as entry element société de contrôle
786 0# - DATA SOURCE ENTRY
Note Empan | 66 | 2 | 2007-09-10 | p. 26-33 | 1152-3336
856 41 - ELECTRONIC LOCATION AND ACCESS
Uniform Resource Identifier <a href="https://shs.cairn.info/revue-empan-2007-2-page-26?lang=fr&redirect-ssocas=7080">https://shs.cairn.info/revue-empan-2007-2-page-26?lang=fr&redirect-ssocas=7080</a>

Pas d'exemplaire disponible.

PLUDOC

PLUDOC est la plateforme unique et centralisée de gestion des bibliothèques physiques et numériques de Guinée administré par le CEDUST. Elle est la plus grande base de données de ressources documentaires pour les Étudiants, Enseignants chercheurs et Chercheurs de Guinée.

Adresse

627 919 101/664 919 101

25 boulevard du commerce
Kaloum, Conakry, Guinée

Réseaux sociaux

Powered by Netsen Group @ 2025